Концепции бухгалтерского учета налога на прибыль; Экономика России в XXI веке

Detaylı Bibliyografya
Parent link:Экономика России в XXI веке.— 2004.— С. 345-346
Yazar: Андриенко О. В. Олег Владимирович
Dil:Rusça
Baskı/Yayın Bilgisi: 2004
Konular:
Materyal Türü: MixedMaterials Kitap Bölümü
KOHA link:https://koha.lib.tpu.ru/cgi-bin/koha/opac-detail.pl?biblionumber=240523

MARC

LEADER 00000naa2a2200000 4500
001 240523
005 20231221090553.0
035 |a (RuTPU)RU\TPU\book\261780 
035 |a RU\TPU\tpu\21624 
090 |a 240523 
100 |a 20130621d2004 k y0rusy50 ca 
101 0 |a rus 
102 |a RU 
200 1 |a Концепции бухгалтерского учета налога на прибыль  |f О. В. Андриенко 
463 0 |0 (RuTPU)RU\TPU\book\260301  |t Экономика России в XXI веке  |o сборник научных трудов Всероссийской научно-практической конференци "Теоретические проблемы экономической безопасности России в XXI веке", посвященной столетнему юбилею экономического образования в ТПУ  |f Томский политехнический университет, Инженерно-экономический факультет; под ред. Г. А. Барышевой  |v С. 345-346  |d 2004  |p 385 с. 
610 1 |a труды учёных ТПУ 
700 1 |a Андриенко  |b О. В.  |c экономист  |c доцент Томского политехнического университета, кандидат экономических наук  |f 1979-  |g Олег Владимирович  |3 (RuTPU)RU\TPU\pers\29555  |9 14091 
801 1 |a RU  |b 63413507  |c 20120709 
801 2 |a RU  |b 63413507  |c 20130621  |g RCR 
942 |c BK